Una aproximación empírica a la relación entre educación y pobreza /
Сохранить в:
| Главный автор: | |
|---|---|
| Другие авторы: | , |
| Формат: | Текст |
| Предметы: | |
| Метки: |
Добавить метку
Нет меток, Требуется 1-ая метка записи!
|
MARC
| LEADER | 00000 a a2200000 04500 | ||
|---|---|---|---|
| 001 | 42530 | ||
| 003 | |||
| 040 | |||
| 100 | |a Aguado Quintero, Luis Fernando | ||
| 245 | |a Una aproximación empírica a la relación entre educación y pobreza / |c Luis Fernando Aguado Quintero; Luis Eduardo Girón Cruz; Fernando Salazar Silva | ||
| 650 | |a EDUCACION | ||
| 650 | |a POBREZA | ||
| 650 | |a CRECIMIENTO ECONOMICO | ||
| 650 | |a POLITICA SOCIAL | ||
| 650 | |a SALARIO | ||
| 650 | |a POBLACION OCUPADA | ||
| 700 | |a Girón Cruz, Luis Eduardo | ||
| 700 | |a Salazar Silva, Fernando | ||
| 773 | |g volumen38, número149 ( , 2007), páginas 35-60 | ||
| 999 | |c 38071 |d 38071 | ||
